Gandhi: (Record no. 166691)

MARC details
000 -LEADER
fixed length control field 00609nam a22001937a 4500
005 - DATE AND TIME OF LATEST TRANSACTION
control field 20221226113925.0
010 ## - LCCN (DPL NO)
LC control number ENG-126128, ENG-135939
020 ## - INTERNATIONAL STANDARD BOOK NUMBER
International Standard Book Number 9788190299121
Terms of availability 595.00
035 ## - SYSTEM CONTROL NUMBER
System control number EN-109660
035 ## - SYSTEM CONTROL NUMBER
System control number EN-119471
037 ## - SOURCE OF ACQUISITION
Source of stock number/acquisition DBAD/PUB
082 ## - DEWEY DECIMAL CLASSIFICATION NUMBER
Classification number 921
100 ## - MAIN ENTRY--PERSONAL NAME
Personal name Ajeet, Jawed
245 ## - TITLE STATEMENT
Title Gandhi:
Remainder of title study of a saint politician/
Statement of responsibility, etc by Ajeet Jawed
260 ## - PUBLICATION, DISTRIBUTION, ETC. (IMPRINT)
Name of publisher, distributor, etc Oxford University Press
Place of publication, distribution, etc New Delhi
Date of publication, distribution, etc 2019
270 ## - ADDRESS
Address 2/11 Ground floor,Ansari Road
City Daryaganj, New Delhi
Postal code 110002
300 ## - PHYSICAL DESCRIPTION
Extent 528p.
Dimensions 25cm(Hb)
Other physical details bibliographical & references
942 ## - ADDED ENTRY ELEMENTS (KOHA)
Source of classification or shelving scheme Dewey Decimal Classification
Item type English Books
Classification part 921
Call number suffix JAW
Holdings
Withdrawn status Lost status Not for loan Collection code Home library Current library Date acquired Source of acquisition Cost, normal purchase price Full call number Barcode Copy number Cost, replacement price Koha item type
    Not For Loan Non-fiction D.B.Act.Division D.B.Act.Division 05/08/2019 DBAD/PUB 595.00 921 AJE EN-109660 1 595.00 English Books
        Diz Area Diz Area 26/12/2022 DBAD/PUB 595.00 921 JAW EN-119471 2 595.00 English Books

© Delhi Public Library
Hit Counter
free hit counter